| 000 | 00652nam a22001577a 4500 | ||
|---|---|---|---|
| 003 | OSt | ||
| 005 | 20151006150237.0 | ||
| 008 | 151006b xxu||||| |||| 00| 0 eng d | ||
| 040 | _cRUA | ||
| 082 | _aAVM PHO 2005 B075 Or.1 | ||
| 100 |
_92182 _aPHOEUK CHRUN PUTHYRATH |
||
| 245 | _aEffect of using brewery waste in concentrate feed on performance of hybrid chicken, (ឥទ្ធិពលនៃការប្រើប្រាស់កាកស្រាបៀរលើការលូតលាស់របស់មាន់ពូជកូនកាត់) | ||
| 260 |
_aphnom penh _brua _c2005 |
||
| 300 |
_aviii, 39p. _bill. _c29cm. |
||
| 942 |
_2ddc _cAVM |
||
| 999 |
_c2054 _d2054 |
||